000 00405nam a2200097Ia 4500
008 180130s9999 xx 000 0 und d
245 _cGade, Raja Sekhar Reddy; Kumar, Sanjeev
_aExperimental evaluation of Cisco Asa-5510 intrusion prevention system against denial of service attacks
260 _c2015
300 _aBook title: Cyber security--Acession number C20544; pages 169-198
650 _aCYBER SECURITY
999 _c354216
_d354216